Les champions de Bundesliga autrichienne - Statistiques

Statistiques générales
  • Ce quiz a été pris 48 fois
    9 depuis la dernière actualisation
  • Le résultat moyen est 72 sur 113
Statistiques - réponses
Saison Réponse % Correct
1993-1994 | 1994-1995 | 1996-1997 | +14 others FC Red Bull Salzburg
100%
1997-1998 | 1998-1999 | 2010-2011 | +2 others SK Sturm Graz
100%
1911-1912 | 1912-1913 | 1915-1916 | +29 others SK Rapid Wien
88%
1923-1924 | 1925-1926 | 1948-1949 | +21 others FK Austria Wien
75%
1964-1965 Linzer ASK
50%
1999-2000 | 2000-2001 | 2001-2002 FC Tirol Innsbruck
38%
1970-1971 | 1971-1972 | 1972-1973 | +4 others FC Wacker Innsbruck
38%
1930-1931 | 1932-1933 | 1941-1942 | +3 others First Vienna FC
0%
1917-1918 Floridsdorfer AC
0%
2003-2004 Grazer AK
0%
1924-1925 SC Hakoah Wien
0%
1926-1927 | 1927-1928 | 1931-1932 | +6 others SK Admira Wien
0%
1973-1974 SK VÖEST Linz
0%
1914-1915 Wiener AC
0%
1913-1914 Wiener AF
0%
1921-1922 | 1957-1958 | 1958-1959 Wiener SC
0%
Aucun quiz correspondant
Distribution des résultats
% des personnes avec chaque résultat
Percentile par nombre de réponses
Votre historique - résultats
Vous n’avez pas pris ce quiz depuis la dernière actualisation